LEADER 00741nam0 22002171i 450 001 990007322740403321 005 20180703140131.0 100 $a20021010d1990----km-y0itay50------ba 101 0 $aeng 102 $aGB 200 1 $aFrontiers of economic research$eproceedings of section F (Economics) of the British association for the advancement of science : Oxford, 1988$fedited by Phyllis Deane 210 $aBasingstoke ; London$cMc Millan$d1990 215 $aXVIII, 188 p.$cgraf.$d23 cm 700 1$aDeane,$bPhyllis$f<1918-2012>$0118677 801 0$aIT$bUNINA$gRICA$2UNIMARC 901 $aBK 912 $a990007322740403321 952 $aXV L1 151$b775$fDTE 959 $aDTE 996 $aFrontiers of economic research$91506899 997 $aUNINA LEADER 01833nam 2200349 n 450 001 996387998103316 005 20200824121244.0 035 $a(CKB)1000000000623414 035 $a(EEBO)2240912308 035 $a(UnM)ocm99891285e 035 $a(UnM)99891285 035 $a(EXLCZ)991000000000623414 100 $a19901030d1597 uy 101 0 $aeng 135 $aurbn||||a|bb| 200 14$aThe high vvay to Heaven by the cleare light of the Gospell cleansed of a number of most dangerous stumbling stones thereinto throwen by Bellarmine and others$b[electronic resource] $eIn a treatise made vpon the 37. 38. and 39. verses of the 7. of Iohn: wherein is so handled the most sweete and comfortable doctrine of the true vnion and communication of Christ and his Church, and the contrarie is so confuted, as that not onely thereby also summarilie and briefly, and yet plainly all men may learne rightly to receiue the sacrament of Christs blessed bodie and blood, but also how to beleeue and to liue to saluation. And therefore entitled The highway to Heauen. /$fBy Thomas Sparke Doctor of Diuinitie 210 $a[London] $cPrinted by R. R[obinson]. for Robert Dexter$d1597 215 $a[16], 356, [2] 300 $aPrinter's name from STC. 300 $aWith a final errata leaf. 300 $aReproduction of the original in the British Library. 330 $aeebo-0018 608 $aTitle pages$zEngland$y16th century. 700 $aSparke$b Thomas$f1548-1616.$01005045 801 0$bCu-RivES 801 1$bCu-RivES 801 2$bCStRLIN 801 2$bCu-RivES 906 $aBOOK 912 $a996387998103316 996 $aThe high vvay to Heaven by the cleare light of the Gospell cleansed of a number of most dangerous stumbling stones thereinto throwen by Bellarmine and others$92328621 997 $aUNISA LEADER 02020oam 2200565 450 001 9910707133103321 005 20160509163109.0 035 $a(CKB)5470000002462169 035 $a(OCoLC)889600289 035 $a(EXLCZ)995470000002462169 100 $a20140829d1989 ua 0 101 0 $aeng 135 $aurmn||||||||| 181 $ctxt$2rdacontent 182 $cc$2rdamedia 183 $acr$2rdacarrier 200 10$aGrain-size, heavy-mineral, and geochemical analyses of sediments from the Chuckchi Sea, Alaska /$fby Gretchen Luepke and Edward C. Escowitz 210 1$a[Reston, Va.] :$cDepartment of the Interior, U.S. Geological Survey,$d1989. 210 2$aWashington :$cUnited States Government Printing Office. 215 $a1 online resource (iii, 12 pages) $cillustrations, map 225 1 $aU.S. Geological Survey Bulletin ;$v1896 300 $aTitle from title screen (viewed Aug. 20, 2014). 320 $aIncludes bibliographical references. 517 1 $aGrain-size, heavy-mineral, and geochemical analyses of sediments from the Chukchi Sea, Alaska 606 $aHeavy minerals$zAlaska 606 $aHeavy minerals$zChukchi Sea 606 $aSediments (Geology)$zAlaska 606 $aSediments (Geology)$zChukchi Sea 606 $aHeavy minerals$2fast 606 $aSediments (Geology)$2fast 607 $aAlaska$2fast 607 $aArctic Ocean$zChukchi Sea$2fast 615 0$aHeavy minerals 615 0$aHeavy minerals 615 0$aSediments (Geology) 615 0$aSediments (Geology) 615 7$aHeavy minerals. 615 7$aSediments (Geology) 700 $aLuepke$b Gretchen$01418314 702 $aEscowitz$b Edward C. 712 02$aGeological Survey (U.S.), 801 0$bCOP 801 1$bCOP 801 2$bOCLCO 801 2$bOCLCF 801 2$bGPO 906 $aBOOK 912 $a9910707133103321 996 $aGrain-size, heavy-mineral, and geochemical analyses of sediments from the Chuckchi Sea, Alaska$93529360 997 $aUNINA